[Event "45th Olympiad 2024"]
[Site "Budapest HUN"]
[Date "2024.09.15"]
[Round "5.35"]
[Board "1"]
[White "Rakotomaharo, Fy Antenaina"]
[Black "Sipila, Vilka"]
[Result "1-0"]
[WhiteTitle "IM"]
[BlackTitle "IM"]
[WhiteElo "2440"]
[BlackElo "2462"]
[WhiteTeam "Madagascar"]
[BlackTeam "Finland"]
[WhiteFideId "13100050"]
[BlackFideId "505455"]
[EventDate "2024.09.11"]

1. e4 c5 2. Nf3 d6 3. d4 cxd4 4. Nxd4 Nf6 5. Nc3 a6 6. h3 e5 7. Nb3 Be6 8. Be3
Be7 9. Qf3 O-O 10. O-O-O b5 11. g4 b4 12. Nd5 Nxd5 13. exd5 Bc8 14. Nd2 f5 15.
gxf5 Bxf5 16. Ne4 a5 17. Bd3 a4 18. Nf6+ Rxf6 19. Bxf5 b3 20. a3 Qf8 21. Be6+
Kh8 22. Qg4 Na6 23. Qxa4 Nc5 24. Qc4 bxc2 25. Rd2 Ra5 26. Rxc2 Qa8 27. Rd1 Nxe6
28. dxe6 d5 29. Qc7 Qd8 30. Qxd8+ Bxd8 31. Bg5 1-0

[Event "45th Olympiad 2024"]
[Site "Budapest HUN"]
[Date "2024.09.15"]
[Round "5.35"]
[Board "2"]
[White "Agopov, Mikael"]
[Black "Razanadrakotoarisoa, Toavina"]
[Result "1-0"]
[WhiteTitle "IM"]
[BlackTitle "FM"]
[WhiteElo "2451"]
[BlackElo "2147"]
[WhiteTeam "Finland"]
[BlackTeam "Madagascar"]
[WhiteFideId "501840"]
[BlackFideId "13101439"]
[EventDate "2024.09.11"]

1. e4 c5 2. Nf3 e6 3. d4 cxd4 4. Nxd4 Nc6 5. Nc3 Qc7 6. Be3 a6 7. Qf3 Nf6 8.
O-O-O Be7 9. Be2 d6 10. g4 Nxd4 11. Rxd4 e5 12. Rc4 Qd8 13. g5 Ng4 14. Rxc8 Rxc8
15. Qxg4 O-O 16. Nd5 Rc6 17. h4 Re8 18. h5 Qc8 19. Qxc8 Rcxc8 20. g6 Bd8 21. Rh3
fxg6 22. hxg6 h6 23. Bg4 Rb8 24. Bd7 Rf8 25. Be6+ Kh8 26. Bf7 1-0

[Event "45th Olympiad 2024"]
[Site "Budapest HUN"]
[Date "2024.09.15"]
[Round "5.35"]
[Board "3"]
[White "Andrianiaina, Heritiana"]
[Black "Lahdelma, Henri"]
[Result "0-1"]
[WhiteTitle "CM"]
[BlackTitle "FM"]
[WhiteElo "2149"]
[BlackElo "2331"]
[WhiteTeam "Madagascar"]
[BlackTeam "Finland"]
[WhiteFideId "13101048"]
[BlackFideId "510394"]
[EventDate "2024.09.11"]

1. d4 d5 2. c4 e6 3. Nc3 a6 4. cxd5 exd5 5. Nf3 Nf6 6. Bg5 Be6 7. e3 Nbd7 8. Bd3
Bd6 9. Qc2 h6 10. Bh4 c6 11. Bg3 Bxg3 12. hxg3 Qe7 13. O-O O-O 14. Rab1 Rfc8 15.
Rfc1 Bg4 16. Na4 g6 17. Nc5 Nxc5 18. Qxc5 Qxc5 19. Rxc5 Bxf3 20. gxf3 Kf8 21.
Kg2 Ke7 22. Rh1 h5 23. Rh4 b6 24. Rc3 Kd6 25. Rh1 Rc7 26. e4 Kd7 27. Rhc1 Raa7
28. e5 Ne8 29. e6+ Kxe6 30. Rxc6+ Kd7 31. Rxc7+ Nxc7 32. Bc2 Ne6 33. Bb3 Kd6 34.
Rc8 Rd7 35. Ra8 Nxd4 36. Rxa6 Kc5 37. Bd1 Nc6 38. a3 Re7 39. Ba4 Rb7 40. Ra8 Kd6
41. Bxc6 Kxc6 42. Kf1 Re7 43. f4 Kc5 44. Rc8+ Kd4 45. Rc3 Re6 46. a4 f6 47. Ra3
Kc4 48. a5 bxa5 49. Rxa5 d4 50. Ra1 Rb6 51. Rc1+ Kd5 52. Rb1 d3 53. Ke1 Rb3 54.
f3 Kd4 55. Kd2 f5 0-1

[Event "45th Olympiad 2024"]
[Site "Budapest HUN"]
[Date "2024.09.15"]
[Round "5.35"]
[Board "4"]
[White "Wartiovaara, Oliver"]
[Black "Rakotomaharavo, Dylan"]
[Result "1/2-1/2"]
[WhiteTitle "FM"]
[BlackTitle "CM"]
[WhiteElo "2300"]
[BlackElo "2078"]
[WhiteTeam "Finland"]
[BlackTeam "Madagascar"]
[WhiteFideId "513024"]
[BlackFideId "13102761"]
[EventDate "2024.09.11"]

1. c4 Nf6 2. Nc3 e6 3. Nf3 d5 4. e3 a6 5. b3 c5 6. Bb2 Nc6 7. cxd5 exd5 8. d4
cxd4 9. Nxd4 Bc5 10. Nxc6 bxc6 11. Be2 O-O 12. O-O Bd6 13. Bf3 Bf5 14. Ne2 Be4
15. Ng3 Bg6 16. Rc1 Rc8 17. Be2 Qa5 18. f4 Ne4 19. f5 Bxg3 20. hxg3 Nxg3 21.
fxg6 Nxf1 22. gxh7+ Kh8 23. Qd4 f6 24. Rxf1 Qxa2 25. Bd3 Qxb3 26. Bg6 c5 27. Qd2
Rc6 28. Rf5 Rb6 29. Bc3 Rd6 30. Be5 Rdd8 31. Qf2 Qb1+ 32. Kh2 Qe4 33. Kh3 d4 34.
exd4 cxd4 35. Rxf6 Rxf6 36. Qxf6 Qe3+ 37. Kg4 Qe2+ 38. Kh4 Qe1+ 39. g3 Qh1+ 40.
Kg4 Qd1+ 41. Kg5 Qc1+ 42. Qf4 Qxf4+ 43. gxf4 d3 44. f5 Rd5 45. Kf4 d2 46. f6 Rd7
47. fxg7+ Rxg7 48. Bc2 d1=Q 49. Bxd1 Kxh7 50. Bc2+ Kg8 51. Bb3+ Kh7 52. Bc2+ Kg8
53. Bb3+ 1/2-1/2

[Event "45th Olympiad 2024"]
[Site "Budapest HUN"]
[Date "2024.09.15"]
[Round "5.36"]
[Board "1"]
[White "Meier, Georg"]
[Black "Bai, Adelard"]
[Result "1-0"]
[WhiteTitle "GM"]
[BlackTitle "IM"]
[WhiteElo "2591"]
[BlackElo "2378"]
[WhiteTeam "Uruguay"]
[BlackTeam "Chinese Taipei"]
[WhiteFideId "4675789"]
[BlackFideId "16301188"]
[EventDate "2024.09.11"]

1. d4 Nf6 2. c4 e6 3. Nf3 Bb4+ 4. Bd2 c5 5. Bxb4 cxb4 6. e3 b6 7. Bd3 Bb7 8. O-O
O-O 9. Re1 d6 10. e4 e5 11. Nbd2 Nc6 12. Nf1 Re8 13. Ng3 g6 14. Qd2 Kg7 15. d5
Nb8 16. Qxb4 a5 17. Qd2 Na6 18. b3 Nc5 19. h3 Nxd3 20. Qxd3 Nd7 21. Qe3 Nc5 22.
Nd2 Bc8 23. a3 Bd7 24. b4 Na6 25. Rab1 axb4 26. axb4 Qe7 27. Rb2 Rec8 28. Ra1
Qd8 29. Ne2 Qc7 30. f4 f6 31. fxe5 fxe5 32. Rba2 Qb7 33. Qg5 Be8 34. Ng3 Nxb4
35. Nf5+ Kg8 36. Ne7+ Kg7 37. Rf1 h5 38. Qf6+ Kh7 39. Qf8 Rxa2 40. Rf7+ Bxf7 41.
Qxf7+ 1-0

[Event "45th Olympiad 2024"]
[Site "Budapest HUN"]
[Date "2024.09.15"]
[Round "5.36"]
[Board "2"]
[White "Song, Raymond"]
[Black "Rodriguez Vila, Andres"]
[Result "1/2-1/2"]
[WhiteTitle "GM"]
[BlackTitle "GM"]
[WhiteElo "2503"]
[BlackElo "2417"]
[WhiteTeam "Chinese Taipei"]
[BlackTeam "Uruguay"]
[WhiteFideId "3203824"]
[BlackFideId "3000010"]
[EventDate "2024.09.11"]

1. e4 d5 2. exd5 Nf6 3. Nf3 Bg4 4. Bb5+ Nbd7 5. Nc3 a6 6. Be2 Nb6 7. O-O Nbxd5
8. Nxd5 Qxd5 9. h3 Bh5 10. d4 e6 11. c4 Qd8 12. Qb3 Rb8 13. Be3 Bd6 14. Rfd1 O-O
15. Rac1 c6 16. Qc2 Qc7 17. a3 a5 18. Qd2 Ne4 19. Qe1 a4 20. d5 exd5 21. cxd5 c5
22. Nd4 Bxe2 23. Qxe2 Rfe8 24. Nb5 Bh2+ 25. Kh1 Qe5 26. d6 Bf4 27. d7 Red8 28.
Rc2 h6 29. Bxf4 Qxf4 30. Kg1 Qf5 31. g4 Qg6 32. Nc3 Ng5 33. Kh2 Nf3+ 34. Qxf3
Qxc2 35. Ne4 b6 36. Rd6 Rb7 37. Qf5 Kf8 38. Kg3 Qb3+ 39. f3 Qe3 40. h4 Qe1+ 41.
Kg2 Qe2+ 42. Kg3 Qe1+ 43. Kg2 Qe2+ 1/2-1/2

[Event "45th Olympiad 2024"]
[Site "Budapest HUN"]
[Date "2024.09.15"]
[Round "5.36"]
[Board "3"]
[White "Vazquez, Facundo"]
[Black "Yang, ching Wei, Austin"]
[Result "1-0"]
[WhiteTitle "FM"]
[BlackTitle "FM"]
[WhiteElo "2388"]
[BlackElo "2121"]
[WhiteTeam "Uruguay"]
[BlackTeam "Chinese Taipei"]
[WhiteFideId "3007669"]
[BlackFideId "16300440"]
[EventDate "2024.09.11"]

1. d4 d5 2. c4 c6 3. Nf3 Nf6 4. g3 Bf5 5. Qb3 Qb6 6. c5 Qxb3 7. axb3 e6 8. Nc3
Be7 9. Bf4 O-O 10. Bg2 h6 11. b4 Ne4 12. Ne5 Nxc3 13. bxc3 f6 14. Nd3 Nd7 15.
O-O a6 16. Rfe1 g5 17. Bd2 Bxd3 18. exd3 Kf7 19. Bf3 f5 20. Bh5+ Kf6 21. Re2 Rh8
22. c4 Rhd8 23. Bc3 Nf8 24. Bf3 Kf7 25. Rb2 Bf6 26. b5 axb5 27. Rxa8 Rxa8 28.
cxb5 cxb5 29. Rxb5 Ra7 30. Bh5+ Kg7 31. Be8 Bd8 32. Kf1 Ng6 33. Bd7 Ne7 34. Bxe6
Kf6 35. Bd7 Bc7 36. Ke1 Bd8 37. Kd1 Ra3 38. Kc2 Ra7 39. Kb2 Kg6 40. Rb3 Kh5 41.
f3 Kg6 42. Ra3 Rxa3 43. Kxa3 Bc7 44. Ka4 h5 45. Be8+ Kh6 46. Ba5 Bb8 47. Bd8 Nc6
48. Bxc6 bxc6 49. Ka5 h4 50. gxh4 g4 51. Bg5+ Kh5 52. f4 1-0

[Event "45th Olympiad 2024"]
[Site "Budapest HUN"]
[Date "2024.09.15"]
[Round "5.36"]
[Board "4"]
[White "Wang, Ting-Hao"]
[Black "Roselli Mailhe, Bernardo"]
[Result "0-1"]
[BlackTitle "IM"]
[WhiteElo "1842"]
[BlackElo "2362"]
[WhiteTeam "Chinese Taipei"]
[BlackTeam "Uruguay"]
[WhiteFideId "16300602"]
[BlackFideId "3000028"]
[EventDate "2024.09.11"]

1. e4 e6 2. d4 d5 3. Nc3 Bb4 4. Ne2 Nc6 5. a3 Ba5 6. e5 f6 7. Nf4 Qe7 8. Bb5 Bd7
9. Bxc6 Bxc6 10. O-O f5 11. Qh5+ Qf7 12. Qxf7+ Kxf7 13. Nd3 Bxc3 14. bxc3 Ne7
15. Rb1 Nc8 16. Nc5 Nb6 17. f3 Nc4 18. Rf2 Rhc8 19. Kf1 b6 20. Nd3 Bd7 21. Ra1
c5 22. Nb2 cxd4 23. cxd4 Na5 24. Bd2 Bb5+ 25. Ke1 Nc6 26. c3 Rc7 27. Kd1 Rac8
28. Be1 Na5 29. Kc2 Bc4 30. Nxc4 Rxc4 31. Kd3 Ra4 32. Rb2 Nc4 33. Rb3 Ke7 34.
Bd2 Kd7 35. Bc1 Kc6 36. Rb4 Ra5 37. a4 Rb8 38. Ra2 Rb7 39. Kc2 b5 40. Rxb5 Rbxb5
41. axb5+ Kxb5 42. Rxa5+ Nxa5 43. Ba3 Kc4 44. g4 fxg4 45. fxg4 Nc6 46. Bf8 g6
47. h3 a5 48. Bd6 Na7 49. Bc7 a4 50. Kb2 Nb5 51. Ba5 a3+ 52. Kc2 a2 53. Kb2 Nxc3 0-1

[Event "45th Olympiad 2024"]
[Site "Budapest HUN"]
[Date "2024.09.15"]
[Round "5.38"]
[Board "3"]
[White "Munkhdalai, Amilal"]
[Black "Hamid Ibrahim"]
[Result "1-0"]
[WhiteTitle "IM"]
[BlackTitle "FM"]
[WhiteElo "2374"]
[BlackElo "2090"]
[WhiteTeam "Mongolia"]
[BlackTeam "Sudan"]
[WhiteFideId "4903250"]
[BlackFideId "12200948"]
[EventDate "2024.09.11"]

1. e4 c5 2. Nf3 d6 3. d4 cxd4 4. Nxd4 Nc6 5. c4 Nf6 6. Nc3 g6 7. Be2 Bg7 8. Be3
O-O 9. O-O a6 10. Qd2 Ng4 11. Bxg4 Bxg4 12. f3 Bd7 13. Rfd1 Rc8 14. b3 f5 15.
exf5 gxf5 16. Rac1 Qe8 17. Nd5 e5 18. Nxc6 Bxc6 19. Bg5 Rf7 20. Nb6 Rb8 21. Qxd6
Bf8 22. Qd2 Bc5+ 23. Be3 Bxb6 24. Bxb6 Rg7 25. Rc3 Qh5 26. Rf1 Re8 27. Rf2 Rg6
28. Rd3 e4 29. Rd8 Rg7 30. f4 Re7 31. Be3 Kf7 32. Rxe8 Kxe8 33. Qd6 Qg6 34. Qb8+
Kf7 35. Rd2 Qg7 36. Rd4 Re8 37. Qc7+ Kg8 38. Qa5 Qf6 39. Qd2 Kf7 40. Qa5 Kg8 41.
b4 Qh4 42. b5 axb5 43. cxb5 b6 44. Qb4 Bb7 45. Rd7 Qh5 46. Qd4 1-0

[Event "45th Olympiad 2024"]
[Site "Budapest HUN"]
[Date "2024.09.15"]
[Round "5.49"]
[Board "2"]
[White "Jimenez Garcia, Emmanuel"]
[Black "Krieger, Markus"]
[Result "1-0"]
[WhiteTitle "IM"]
[WhiteElo "2352"]
[BlackElo "2153"]
[WhiteTeam "Costa Rica"]
[BlackTeam "Liechtenstein"]
[WhiteFideId "6504779"]
[BlackFideId "4669533"]
[EventDate "2024.09.11"]

1. Nf3 d5 2. e3 c5 3. c4 d4 4. b4 g6 5. exd4 cxd4 6. d3 Bg7 7. Be2 e5 8. O-O Ne7
9. Nbd2 O-O 10. Re1 Qc7 11. Bf1 Re8 12. a4 a5 13. b5 Nd7 14. Nb3 Nc5 15. Nxc5
Qxc5 16. Ba3 Qc7 17. g3 Bf5 18. Qb3 Rad8 19. Bg2 h6 20. Nd2 Bf8 21. Rac1 Kg7 22.
Ne4 Nc8 23. c5 Be6 24. Qb2 f5 25. Nd6 Nxd6 26. cxd6 Qf7 27. Rc7 Rd7 28. b6 Qf6
29. Qb5 Rd8 30. Bxb7 Kg8 31. Bd5 Bxd5 32. Rxd7 Rxd7 33. Qxd5+ Kh7 34. Qxe5 Qd8
35. Qxa5 Bxd6 36. Bxd6 Rxd6 37. Qa7+ Rd7 38. b7 Qc7 39. Rb1 f4 40. Qa8 fxg3 41.
b8=Q 1-0

[Event "45th Olympiad 2024"]
[Site "Budapest HUN"]
[Date "2024.09.15"]
[Round "5.52"]
[Board "1"]
[White "Mafaaz Khalid"]
[Black "Barrish, Daniel"]
[Result "0-1"]
[BlackTitle "FM"]
[WhiteElo "2069"]
[BlackElo "2281"]
[WhiteTeam "Pakistan"]
[BlackTeam "South Africa"]
[WhiteFideId "7818424"]
[BlackFideId "14304600"]
[EventDate "2024.09.11"]

1. d4 Nf6 2. c4 e6 3. Nc3 Bb4 4. f3 c5 5. d5 b5 6. e4 d6 7. Ne2 bxc4 8. Nf4 e5
9. Ne2 Nbd7 10. Ng3 Nb6 11. Be2 Ng8 12. O-O Ne7 13. f4 exf4 14. Nh5 O-O 15. Bxf4
Ng6 16. Bg3 Bxc3 17. bxc3 Qe7 18. Re1 Ne5 19. Bf4 Bd7 20. h3 Na4 21. Qd2 Rab8
22. Qe3 f6 23. Bg3 Rb2 24. Nf4 Rfb8 25. Bd1 a5 26. Rf1 R2b7 27. Bc2 Nb2 28. Be1
Be8 29. Qg3 Bg6 30. Bd2 Nbd3 31. Nxg6 hxg6 32. Bd1 Rb2 33. Be3 Rb1 34. Rxb1 Rxb1
35. h4 Qd7 36. h5 g5 37. Qh2 Kh7 38. Qg3 a4 39. a3 Ra1 40. h6 gxh6 41. Qh2 Kg7
42. Qh5 Nb2 43. Be2 Rxf1+ 44. Kxf1 Nbd3 45. Kg1 Qb5 46. Qh3 Qb1+ 47. Kh2 Qe1 48.
Bh5 Nf2 49. Bxf2 Qxf2 50. Be8 g4 0-1

[Event "45th Olympiad 2024"]
[Site "Budapest HUN"]
[Date "2024.09.15"]
[Round "5.54"]
[Board "3"]
[White "Naser Eldean, Ahmed"]
[Black "Mwadzura, Roy"]
[Result "1-0"]
[BlackTitle "FM"]
[WhiteElo "1981"]
[BlackElo "2229"]
[WhiteTeam "Libya"]
[BlackTeam "Zimbabwe"]
[WhiteFideId "9205365"]
[BlackFideId "11004436"]
[EventDate "2024.09.11"]

1. e4 e6 2. d3 d5 3. Nd2 c5 4. Ngf3 Nc6 5. g3 g6 6. Bg2 Bg7 7. O-O Nge7 8. Re1
a5 9. a4 b6 10. Nf1 Ba6 11. Rb1 Ra7 12. e5 h6 13. h4 Qc7 14. Bf4 g5 15. hxg5
hxg5 16. Nxg5 Ng6 17. Ne3 Ncxe5 18. Nxd5 exd5 19. Bxe5 Nxe5 20. f4 f6 21. Ne6
Qd6 22. fxe5 fxe5 23. Qg4 Bf6 24. Qg6+ Rf7 25. Ng5 Rf8 26. Bf3 Ke7 27. Nxf7 Rxf7
28. Bh5 Rf8 29. c3 Bc8 30. Rf1 Qe6 31. Qh7+ Kd8 32. Rf2 Rg8 33. Rg2 Bg5 34. Re1
Rf8 35. Qg7 Qf6 36. Qxf6+ Bxf6 37. Rf2 Ke7 38. Bf3 Be6 39. Rh2 Kd6 40. Kg2 Bd7
41. b3 Bf5 42. Rd1 Bg5 43. c4 d4 44. Be4 Be6 45. Rh7 Rg8 46. Rf1 Bf4 47. Rf3 Bd7
48. Kh2 Bg5 49. Rff7 Be6 50. Rc7 Rc8 51. Rcg7 Bf6 52. Rb7 Bd8 53. Rh6 1-0

[Event "45th Olympiad 2024"]
[Site "Budapest HUN"]
[Date "2024.09.15"]
[Round "5.54"]
[Board "4"]
[White "Mapuranga, Vitalis"]
[Black "Abugenda, Nagi"]
[Result "1-0"]
[WhiteElo "2013"]
[BlackElo "1975"]
[WhiteTeam "Zimbabwe"]
[BlackTeam "Libya"]
[WhiteFideId "11004380"]
[BlackFideId "9202544"]
[EventDate "2024.09.11"]

1. d4 Nf6 2. c4 e6 3. Nc3 Bb4 4. Qb3 Bxc3+ 5. Qxc3 b6 6. Bg5 Bb7 7. f3 d5 8.
cxd5 exd5 9. Rc1 c6 10. Qa3 Qe7 11. Qxe7+ Kxe7 12. e3 Nd7 13. Bd3 Rhe8 14. h4
Kf8 15. h5 Rac8 16. h6 g6 17. Ne2 c5 18. dxc5 bxc5 19. Kf2 Re6 20. Rhd1 Ne5 21.
Bb1 Ned7 22. Rc3 Rb6 23. Rd2 Rd6 24. Ra3 a6 25. Rc3 Rb6 26. Rc1 Ba8 27. Nc3 Re6
28. Na4 Bb7 29. Rdc2 c4 30. Rd2 Rec6 31. Nc3 Rc5 32. Rd4 Re8 33. Bc2 Bc6 34. Bd1
Rc8 35. Be2 Ra5 36. Bf4 Ke7 37. Rcd1 Ke6 38. g4 Rd8 39. Bc7 1-0

[Event "45th Olympiad 2024"]
[Site "Budapest HUN"]
[Date "2024.09.15"]
[Round "5.56"]
[Board "2"]
[White "Kayonde, Andrew"]
[Black "Mwale, Joseph"]
[Result "1-0"]
[WhiteTitle "IM"]
[BlackTitle "FM"]
[WhiteElo "2338"]
[BlackElo "2063"]
[WhiteTeam "Zambia"]
[BlackTeam "Malawi"]
[WhiteFideId "8700281"]
[BlackFideId "16400135"]
[EventDate "2024.09.11"]

1. d4 Nf6 2. c4 e6 3. Nc3 Bb4 4. e3 d5 5. cxd5 exd5 6. Bd3 O-O 7. Ne2 Bd6 8. Nf4
Bxf4 9. exf4 Re8+ 10. Ne2 b6 11. b4 Nc6 12. Rb1 Nxd4 13. Bxh7+ Kxh7 14. Qxd4 Re4
15. Qd2 Qe8 16. f3 Re7 17. Kf2 Ba6 18. Ng3 Qb5 19. Bb2 Rae8 20. Be5 Nd7 21. Nf5
Nxe5 22. fxe5 Rxe5 23. Qg5 Rxf5 24. Qxf5+ Kg8 25. Rhe1 Re2+ 26. Kg3 c6 27. Rbc1
g6 28. Qf6 Bb7 29. Rcd1 Qc4 30. h4 Qxa2 31. Rxe2 Qxe2 32. h5 gxh5 33. Rh1 Qe6
34. Qd8+ Kg7 35. Rxh5 1-0

[Event "45th Olympiad 2024"]
[Site "Budapest HUN"]
[Date "2024.09.15"]
[Round "5.71"]
[Board "3"]
[White "Combs, Daniel"]
[Black "Wanasunia, Elvis Likoko"]
[Result "0-1"]
[WhiteElo "1688"]
[BlackElo "1942"]
[WhiteTeam "Guam"]
[BlackTeam "Kenya"]
[WhiteFideId "31000703"]
[BlackFideId "10815090"]
[EventDate "2024.09.11"]

1. e4 c5 2. Nf3 e6 3. d4 cxd4 4. Nxd4 a6 5. Nc3 Nf6 6. Bc4 Qc7 7. Bb3 Bb4 8. Ne2
Nc6 9. f3 b5 10. Be3 Bb7 11. O-O O-O 12. Qd2 Rad8 13. Rad1 d5 14. Qc1 dxe4 15.
Nxe4 Nxe4 16. fxe4 Na5 17. Ng3 Nxb3 18. axb3 Bd6 19. Bf2 Bf4 20. Qb1 h5 21. Nxh5
Bxh2+ 22. Kh1 Qe5 23. Nxg7 Kxg7 24. Bd4 Rxd4 25. Rxd4 Rh8 26. Qd1 Bf4+ 27. Kg1
Be3+ 0-1

[Event "45th Olympiad 2024"]
[Site "Budapest HUN"]
[Date "2024.09.15"]
[Round "5.72"]
[Board "1"]
[White "Chinasamy, Devarajen"]
[Black "Barcon, Harmon"]
[Result "1/2-1/2"]
[WhiteTitle "CM"]
[BlackTitle "FM"]
[WhiteElo "1975"]
[BlackElo "1968"]
[WhiteTeam "Mauritius"]
[BlackTeam "Liberia"]
[WhiteFideId "9700072"]
[BlackFideId "22600078"]
[EventDate "2024.09.11"]

1. d4 d5 2. Nc3 Nf6 3. Bf4 a6 4. e3 e6 5. g4 Bb4 6. Ne2 Ne4 7. h4 c5 8. f3 Nf6
9. a3 Bxc3+ 10. Nxc3 cxd4 11. exd4 Nc6 12. Qd2 b5 13. Ne2 Qb6 14. c3 Na5 15. Nc1
Nc4 16. Qh2 Qc6 17. Nd3 Nd7 18. Nb4 Qb7 19. Nd3 Qc6 20. Nb4 Qb7 21. Nd3 Qc6 22.
Nb4 Qb7 23. Nd3 Qc6 1/2-1/2

[Event "45th Olympiad 2024"]
[Site "Budapest HUN"]
[Date "2024.09.15"]
[Round "5.76"]
[Board "4"]
[White "Motlomelo, Lihloela"]
[Black "Al Mashikhi, Mohammed Alyan"]
[Result "1-0"]
[BlackTitle "CM"]
[WhiteElo "1696"]
[BlackElo "1959"]
[WhiteTeam "Lesotho"]
[BlackTeam "Oman"]
[WhiteFideId "21301948"]
[BlackFideId "22000097"]
[EventDate "2024.09.11"]

1. e4 e6 2. d4 d5 3. exd5 exd5 4. c4 Nf6 5. Nc3 Be7 6. cxd5 Nxd5 7. Bc4 Be6 8.
Qb3 Bb4 9. Ne2 Bxc3+ 10. bxc3 b6 11. Ba3 c6 12. O-O b5 13. Bxd5 Bxd5 14. Qc2 Na6
15. Nf4 Nc7 16. Rfe1+ Ne6 17. Qf5 Qf6 18. Qxf6 gxf6 19. Nh5 O-O-O 20. Nxf6 Kc7
21. f4 Nxf4 22. Re7+ Kc8 23. Rxa7 Ne2+ 24. Kf2 Nxc3 25. Nxd5 Nxd5 26. Rc1 Kb8
27. Rxf7 b4 28. Rb1 Rhf8 29. Rxf8 Rxf8+ 30. Kg1 Kc7 31. Bxb4 Rf4 32. Bc5 Nc3 33.
Rb2 Kd7 34. g3 Re4 35. Rb7+ Kc8 36. Rxh7 Nxa2 37. h4 Nc3 38. Kg2 Nd5 39. h5 Re2+
40. Kf3 Re3+ 41. Kf2 Re8 42. h6 Nf6 43. Rg7 Rh8 44. g4 Rxh6 45. g5 Ne4+ 46. Ke3
Re6 47. Kf4 Nxc5 48. dxc5 Re1 49. g6 Rc1 50. Rh7 Rc4+ 51. Ke3 1-0

[Event "45th Olympiad 2024"]
[Site "Budapest HUN"]
[Date "2024.09.15"]
[Round "5.87"]
[Board "1"]
[White "Hamperl, Fred"]
[Black "Koumba, Mounguen Jose Evrard"]
[Result "1-0"]
[WhiteTitle "FM"]
[WhiteElo "1977"]
[BlackElo "1957"]
[WhiteTeam "Guernsey"]
[BlackTeam "Gabon"]
[WhiteFideId "10700110"]
[BlackFideId "645010"]
[EventDate "2024.09.11"]

1. e4 c5 2. Nf3 d6 3. Bb5+ Nc6 4. O-O e6 5. c3 Ne7 6. Re1 a6 7. Bf1 g6 8. d4
cxd4 9. cxd4 Bg7 10. Nc3 O-O 11. d5 Ne5 12. Nxe5 Bxe5 13. a4 Bg7 14. Qb3 e5 15.
Be3 f5 16. Bb6 Qd7 17. a5 fxe4 18. Nxe4 Bh6 19. Rad1 Nf5 20. Rd3 Qf7 21. Rf3 Qe7
22. Rc3 Nd4 23. Qb4 Qf7 24. Rc7 Qf5 25. Bxd4 exd4 26. Qxd4 Qf4 27. g3 Qe5 28.
Qxe5 dxe5 29. Nc5 Bd2 30. Rxe5 Bxa5 31. Rce7 Bb4 32. d6 b6 33. Ne4 Bf5 34. Bc4+
Kh8 35. Ng5 1-0

[Event "45th Olympiad 2024"]
[Site "Budapest HUN"]
[Date "2024.09.16"]
[Round "6.1"]
[Board "1"]
[White "Ding, Liren"]
[Black "Le, Quang Liem"]
[Result "0-1"]
[WhiteTitle "GM"]
[BlackTitle "GM"]
[WhiteElo "2736"]
[BlackElo "2741"]
[WhiteTeam "China"]
[BlackTeam "Vietnam"]
[WhiteFideId "8603677"]
[BlackFideId "12401137"]
[EventDate "2024.09.11"]

1. c4 c5 2. Nf3 Nc6 3. Nc3 Nf6 4. g3 d5 5. cxd5 Nxd5 6. Bg2 g6 7. h4 Bg7 8. h5
Bf5 9. h6 Bf6 10. O-O O-O 11. Nh2 Nb6 12. a4 Na5 13. Ne4 Bxe4 14. Bxe4 c4 15. d3
Rc8 16. Rb1 Qd7 17. dxc4 Rxc4 18. Qxd7 Nxd7 19. Bf3 Rxa4 20. Ng4 Nb3 21. Rd1 Ne5
22. Nxe5 Bxe5 23. Bg5 Nd4 24. Bxb7 Rb8 25. Bf3 f6 26. Be3 Nxf3+ 27. exf3 Bd6 28.
Ra1 Rxa1 29. Rxa1 Rxb2 30. Rxa7 g5 31. Ra8+ Kf7 32. f4 gxf4 33. gxf4 Kg6 34.
Rg8+ Kxh6 35. f5+ Kh5 36. Rg7 Rb5 37. Rxh7+ Kg4 38. Kg2 Rb2 39. Rh8 Kxf5 40. Bc5
Rb7 41. Bxd6 exd6 42. Rd8 Ke6 43. Re8+ Re7 44. Ra8 d5 45. Kf3 Ke5 46. Ra1 Re6
47. Ra4 Rb6 48. Ke2 d4 49. f3 f5 50. Ra5+ Kf4 51. Rd5 Rb2+ 52. Ke1 Rh2 53. Kf1
Kxf3 54. Rxf5+ Ke3 55. Re5+ Kd2 56. Ra5 Rh1+ 57. Kf2 d3 58. Ra8 Rh7 59. Ra2+ Kc3
60. Ra3+ Kc2 61. Ra2+ Kb3 62. Ra8 Re7 0-1

[Event "45th Olympiad 2024"]
[Site "Budapest HUN"]
[Date "2024.09.16"]
[Round "6.1"]
[Board "3"]
[White "Yu, Yangyi"]
[Black "Le, Tuan Minh"]
[Result "1/2-1/2"]
[WhiteTitle "GM"]
[BlackTitle "GM"]
[WhiteElo "2703"]
[BlackElo "2564"]
[WhiteTeam "China"]
[BlackTeam "Vietnam"]
[WhiteFideId "8603820"]
[BlackFideId "12401153"]
[EventDate "2024.09.11"]

1. c4 c6 2. Nf3 Nf6 3. d4 d5 4. Nc3 e6 5. e3 a6 6. b3 Bb4 7. Bd2 Nbd7 8. Bd3 O-O
9. O-O Bd6 10. Rc1 Re8 11. h3 e5 12. dxe5 Nxe5 13. Nxe5 Bxe5 14. cxd5 Bb8 15.
Qf3 cxd5 16. Rfd1 Qd6 17. Qf4 Qe7 18. Qh4 Qe5 19. f4 Qd6 20. Be1 h6 21. Bf2 Bd7
22. Bb1 Qe6 23. Re1 Bc6 24. Ne2 Ba7 25. Nd4 Bxd4 26. f5 Qd7 27. exd4 Rxe1+ 28.
Rxe1 Re8 29. Re5 Ne4 30. Bxe4 dxe4 31. f6 Rxe5 32. dxe5 Qd2 33. Qg4 Qg5 34. Qxg5
hxg5 35. Be3 g4 36. h4 g6 37. Kf2 Kf8 38. Kg3 Bd7 39. Kf4 Ke8 40. g3 Be6 41.
Kxe4 Kd7 42. Kd4 Kc6 43. Bh6 Kb5 44. Bf8 Kc6 45. Be7 Kb5 46. a4+ Kc6 47. b4 Bf5
48. a5 Be6 49. Bf8 Kb5 50. Be7 Kc6 51. Bf8 Kb5 52. Be7 Kc6 1/2-1/2

[Event "45th Olympiad 2024"]
[Site "Budapest HUN"]
[Date "2024.09.16"]
[Round "6.1"]
[Board "4"]
[White "Tran, Tuan Minh"]
[Black "Wang, Yue"]
[Result "0-1"]
[WhiteTitle "GM"]
[BlackTitle "GM"]
[WhiteElo "2434"]
[BlackElo "2637"]
[WhiteTeam "Vietnam"]
[BlackTeam "China"]
[WhiteFideId "12401820"]
[BlackFideId "8601429"]
[EventDate "2024.09.11"]

1. d4 Nf6 2. c4 e6 3. Nf3 d5 4. Nc3 Bb4 5. Bg5 h6 6. Bxf6 Qxf6 7. Qa4+ Nc6 8. e3
O-O 9. Bd3 dxc4 10. Bxc4 Rd8 11. O-O Bxc3 12. bxc3 Bd7 13. Qc2 Na5 14. Bd3 c5
15. Ne5 Be8 16. f4 Nc6 17. Qb2 Qe7 18. Rae1 Rac8 19. Ng4 f5 20. Nf2 Qc7 21. Bb1
Na5 22. g4 Nc4 23. Qe2 Nd6 24. Bd3 Qa5 25. Rc1 cxd4 26. exd4 Bf7 27. c4 Ne8 28.
gxf5 exf5 29. d5 Nd6 30. Qe5 Qc5 31. Qb2 Re8 32. Kh1 Bh5 33. Nd1 b5 34. Qg2 bxc4
35. Nb2 Qd4 0-1